Professionalism Professional Values & Ethics Including Bioethics (Record no. 362194)
[ view plain ]
| 000 -LEADER | |
|---|---|
| fixed length control field | 01365 a2200205 4500 |
| 003 - CONTROL NUMBER IDENTIFIER | |
| control field | OSt |
| 005 - DATE AND TIME OF LATEST TRANSACTION | |
| control field | 20241221160115.0 |
| 008 - FIXED-LENGTH DATA ELEMENTS--GENERAL INFORMATION | |
| fixed length control field | 241122b |||||||| |||| 00| 0 eng d |
| 020 ## - INTERNATIONAL STANDARD BOOK NUMBER | |
| International Standard Book Number | 9788189966683 |
| 041 ## - LANGUAGE CODE | |
| Language code of sung or spoken text | Eng. |
| 082 ## - DEWEY DECIMAL CLASSIFICATION NUMBER | |
| Classification number | 610.73072/ARY |
| 100 ## - MAIN ENTRY--PERSONAL NAME | |
| Personal name | Arya, Sandeep |
| 9 (RLIN) | 209089 |
| 245 ## - TITLE STATEMENT | |
| Title | Professionalism Professional Values & Ethics Including Bioethics |
| 250 ## - EDITION STATEMENT | |
| Edition statement | 1 |
| 260 ## - PUBLICATION, DISTRIBUTION, ETC. (IMPRINT) | |
| Name of publisher, distributor, etc. | Frontline Publication |
| Date of publication, distribution, etc. | 2023 |
| Place of publication, distribution, etc. | Hyderabad |
| 300 ## - PHYSICAL DESCRIPTION | |
| Extent | 174 Pg. |
| 500 ## - GENERAL NOTE | |
| Keywords | caring, compassion, empathy, integrity, privacy, confidentiality, honesty, human dignity, and loyalty,Competence. As a professional, you get the job done – and done well. ...<br/>Knowledge. Professionalism involves developing detailed, up-to-date knowledge, which is often highly specialized . ...<br/>Conscientiousness. ...<br/>Integrity. ...<br/>Respect. ...<br/>Emotional Intelligence. ...<br/>Appropriateness. ...<br/>Confidence,Bioethics is the study of ethical, social, and legal issues that arise in biomedicine and biomedical research,Professional ethics are principles that govern the behaviour of a person or group in a business environment,ethics refers to well-founded standards of right and wrong that prescribe what humans ought to do, usually in terms of rights, obligations, benefits to society, fairness, or specific virtues. |
| 650 ## - SUBJECT ADDED ENTRY--TOPICAL TERM | |
| Topical term or geographic name as entry element | Fundamental of Nursing |
| 9 (RLIN) | 206574 |
| 942 ## - ADDED ENTRY ELEMENTS (KOHA) | |
| Source of classification or shelving scheme | Dewey Decimal Classification |
| Koha item type | Books |
| Withdrawn status | Lost status | Source of classification or shelving scheme | Damaged status | Not for loan | Home library | Current library | Date acquired | Vendor | Cost, normal purchase price | Total Checkouts | Full call number | Barcode | Date last seen | Date last checked out | Cost, replacement price | Bill Date | Koha item type | Original Barcode |
|---|---|---|---|---|---|---|---|---|---|---|---|---|---|---|---|---|---|---|
| Dewey Decimal Classification | Sitabai Nargundkar College of Nursing Nagpur | Sitabai Nargundkar College of Nursing Nagpur | 21/11/2024 | 29 | 310.50 | 1 | 610.73072/ARY | SNCN-BK-3473 | 24/06/2025 | 28/02/2025 | 450.00 | 21/11/2024 | Books | 3473 | ||||
| Dewey Decimal Classification | Sitabai Nargundkar College of Nursing Nagpur | Sitabai Nargundkar College of Nursing Nagpur | 21/11/2024 | 29 | 310.50 | 1 | 610.73072/ARY | SNCN-BK-3471 | 08/05/2025 | 07/05/2025 | 450.00 | 21/11/2024 | Books | 3471 | ||||
| Dewey Decimal Classification | Sitabai Nargundkar College of Nursing Nagpur | Sitabai Nargundkar College of Nursing Nagpur | 21/11/2024 | 29 | 310.50 | 610.73072/ARY | SNCN-BK-3469 | 21/11/2024 | 450.00 | 21/11/2024 | Books | 3469 | ||||||
| Dewey Decimal Classification | Sitabai Nargundkar College of Nursing Nagpur | Sitabai Nargundkar College of Nursing Nagpur | 21/11/2024 | 29 | 310.50 | 1 | 610.73072/ARY | SNCN-BK-3470 | 19/03/2025 | 06/03/2025 | 450.00 | 21/11/2024 | Books | 3470 | ||||
| Dewey Decimal Classification | Sitabai Nargundkar College of Nursing Nagpur | Sitabai Nargundkar College of Nursing Nagpur | 21/11/2024 | 29 | 310.50 | 610.73072/ARY | SNCN-BK-3472 | 21/11/2024 | 450.00 | 21/11/2024 | Books | 3472 |